000 00654nam a2200193 i 4500
001 24119
003 ES-MaACL
005 20230906153008.0
007 t|
008 021216s1931 sp ||||1| spa d
080 _a343(460)"1870"(094.4)
110 1 _aEspaña.
_bMinisterio de Justicia.
_bComisión Jurídica Asesora.
_9164247
245 1 0 _aAnteproyecto de reforma del Código penal de 1870 que eleva al Gobierno la Comisión Jurídica Asesora.
260 _aMadrid :
_bRivadeneyra,
_c1931.
300 _a210 p. ;
_c23 cm.
610 1 4 _aEspaña.
_tCódigo penal, 1870.
_9152867
630 0 4 _aCódigo penal, 1870.
_9149595
852 4 _aES-MaACL
_jA-210
999 _c24119
_d24119